000 00558nam a2200181 i 4500
001 34310
003 ES-MaACL
005 20230906154918.0
007 t|
008 030204s1967 sp ||||1| spa d
100 1 _aBloch, Raymond.
_929520
245 1 0 _aRoma y su destino /
_cRaymond Bloch, Jean Cousin ; [traducción por Juan Godó Costa].
260 _aBarcelona, etc. :
_bLabor,
_c1967.
300 _a563 p., 23 lám. :
_bil. ;
_c23 cm.
700 1 _aCousin, Jean.
_941303
700 1 _aGodo Costa, Juan.
_957532
852 _aES-MaACL
_jC-32030
_bR.62589
999 _c34310
_d34310